000
00227nam a22000857a 4500
008
160809b xxu||||| |||| 00| 0 eng d
100
_9
90
_a
Blyton E
245
_a
Shock for the Secret Seven
260
_a
London
_b
Hodder Publication
_c
2004
999
_c
2744
_d
2744